000 00475nam a22001817a 4500
999 _c6199
_d6197
005 20210826124635.0
008 200517b xxu||||| |||| 00| 0 eng d
020 _a9788123909752
041 _aeng
082 _a547 ING
100 _aINGOLD G.K
_96733
245 _aStructure and mechanism in organic chemistry
_bC.K INAGOLD
250 _a1'st
260 _aNew Delhi
_bCBS Publication and distributors
_c1994
300 _a1206
650 _aPHARMACY
_96734
942 _cBK